[Event "Budapest FS08 FM"]
[Site "Budapest"]
[Date "2019.08.13"]
[Round "10"]
[White "Kaibinger, Karoly"]
[Black "Yang, Guang"]
[Result "1/2-1/2"]
[WhiteElo "1790"]
[BlackElo "1477"]
[PlyCount "45"]
[EventDate "2019.08.03"]
[EventType "tourn"]
[EventRounds "10"]
[EventCountry "HUN"]
[SourceTitle "EXT 2020"]
[Source "ChessBase"]
[SourceDate "2019.10.17"]
[SourceVersion "1"]
[SourceVersionDate "2019.10.17"]
[SourceQuality "1"]

1. d4 Nf6 2. Nf3 c5 3. c3 e6 4. Bg5 d5 5. e3 Qb6 6. Qc2 Ne4 7. Bf4 Nd7 8. Nbd2 Nxd2 9. Qxd2 Nf6 10. a4 c4 11. Qc2 Bd7 12. Ne5 Bd6 13. Be2 0-0 14. a5 Qc7 15. Nxd7 Qxd7 16. Bxd6 Qxd6 17. 0-0 b5 18. f3 b4 19. cxb4 Rab8 20. b3 cxb3 21. Qxb3 Rxb4 22. Qc2 Rfb8 23. Rfb1 1/2-1/2

[Event "Budapest FS08 FM"]
[Site "Budapest"]
[Date "2019.08.11"]
[Round "8"]
[White "Kaibinger, Karoly"]
[Black "Szoukup, Istvan"]
[Result "1-0"]
[WhiteElo "1790"]
[BlackElo "1514"]
[PlyCount "83"]
[EventDate "2019.08.03"]
[EventType "tourn"]
[EventRounds "10"]
[EventCountry "HUN"]
[SourceTitle "EXT 2020"]
[Source "ChessBase"]
[SourceDate "2019.10.17"]
[SourceVersion "1"]
[SourceVersionDate "2019.10.17"]
[SourceQuality "1"]

1. e4 e5 2. Nf3 Nc6 3. Bc4 Bc5 4. c3 Nf6 5. 0-0 0-0 6. d3 d6 7. Bg5 Na5 8. Bb5 a6 9. Ba4 b5 10. Bc2 Nc6 11. h3 h6 12. Bh4 g5 13. Bg3 Nh5 14. Bh2 Nf4 15. d4 Bb6 16. Bxf4 exf4 17. Nh2 f5 18. Bb3+ Kg7 19. Bd5 Bb7 20. exf5 Rxf5 21. Be4 Rf8 22. Nd2 d5 23. Bc2 Qd7 24. Ndf3 Rae8 25. Ng4 Bc8 26. Nge5 Nxe5 27. Nxe5 Qd6 28. Re1 Bf5 29. Bxf5 Rxf5 30. Qh5 Rff8 31. b4 c6 32. a4 Bc7 33. axb5 axb5 34. Ra7 Re7 35. Ra6 Rfe8 36. Rea1 Rxe5 37. dxe5 Rxe5 38. Ra7 f3 39. Qxf3 Kg6 40. Qd3+ Rf5 41. Rxc7 Qf4 42. Rxc6+ 1-0

[Event "Balaton op 36th"]
[Site "Balatonlelle"]
[Date "2018.06.14"]
[Round "3"]
[White "Leszko, Bence"]
[Black "Kaibinger, Karoly"]
[Result "1/2-1/2"]
[WhiteElo "2096"]
[BlackElo "1804"]
[PlyCount "210"]
[EventDate "2018.06.12"]
[EventType "swiss"]
[EventRounds "9"]
[EventCountry "HUN"]
[SourceTitle "CBM 185 Extra"]
[Source "ChessBase"]
[SourceDate "2018.07.29"]
[SourceVersion "1"]
[SourceVersionDate "2018.07.29"]
[SourceQuality "1"]

1. e4 e5 2. Nf3 Nc6 3. Nc3 Nf6 4. a3 Be7 5. d4 d6 6. d5 Nb8 7. h3 0-0 8. Be3 Bd7 9. g4 Ne8 10. Qd2 a6 11. Rg1 c5 12. g5 Qc8 13. h4 Bg4 14. Be2 Bh5 15. Rg3 Qc7 16. Nh2 Bxe2 17. Qxe2 b5 18. h5 b4 19. axb4 cxb4 20. Na4 Nd7 21. g6 Nef6 22. gxh7+ Kxh7 23. Bg5 Rac8 24. c3 Qc4 25. Qf3 Rce8 26. Qf5+ Kh8 27. Re3 Rb8 28. Nf3 bxc3 29. Rxc3 Qb4 30. Kf1 Rfe8 31. Bxf6 Nxf6 32. Ng5 Qb5+ 33. Kg2 Qe2 34. Nxf7+ Kg8 35. Ng5 Qg4+ 36. Qxg4 Nxg4 37. Ne6 Nh6 38. Rc6 Rb4 39. f3 a5 40. Kf2 Nf7 41. Rc2 Ng5 42. Nxg5 Bxg5 43. Kg3 Kh7 44. Kg4 Be7 45. Nc3 Ra8 46. Ne2 Ra7 47. Ng3 Bd8 48. Nf5 Rd7 49. Ra3 Bb6 50. Ne3 a4 51. Nf5 Bc5 52. Rac3 Rdb7 53. Rc4 Rxc4 54. Rxc4 Rxb2 55. Rxa4 Rg2+ 56. Kh3 Rg5 57. Kh4 Rg1 58. Ra8 Rh1+ 59. Kg4 Rg1+ 60. Kh3 Rh1+ 61. Kg3 Rxh5 62. Rd8 Rg5+ 63. Kh4 Rg6 64. Kh5 Rf6 65. Rd7 Rg6 66. Re7 Bb4 67. Re6 Rf6 68. Kg5 Bd2+ 69. Kg4 Bb4 70. Re7 Rg6+ 71. Kh5 Rg1 72. Rd7 Rg6 73. Rd8 Rf6 74. Kg4 Rg6+ 75. Kh3 Ba3 76. Ne3 Bc5 77. Ng4 Bb4 78. Kh4 Be1+ 79. Kh5 Bd2 80. Rh8+ Kxh8 81. Kxg6 Kg8 82. Nf2 Kf8 83. Nh3 Be3 84. Ng5 Bxg5 85. Kxg5 Kf7 86. Kf5 g6+ 87. Kg5 Kg7 88. Kh4 Kh7 89. Kg3 Kg7 90. Kg4 Kf6 91. Kh4 Kf7 92. Kg3 Kf6 93. Kf2 Kf7 94. Ke3 Kf6 95. Kd3 Kg5 96. Kc4 Kf4 97. Kb5 Kxf3 98. Kc6 g5 99. Kxd6 g4 100. Kxe5 g3 101. d6 g2 102. d7 g1Q 103. d8Q Qg7+ 104. Qf6+ Qxf6+ 105. Kxf6 Kxe4 1/2-1/2

[Event "Balaton op 36th"]
[Site "Balatonlelle"]
[Date "2018.06.12"]
[Round "1"]
[White "Kaibinger, Karoly"]
[Black "Forgacs, Jozsef"]
[Result "0-1"]
[WhiteElo "1804"]
[BlackElo "2199"]
[PlyCount "104"]
[EventDate "2018.06.12"]
[EventType "swiss"]
[EventRounds "9"]
[EventCountry "HUN"]
[SourceTitle "CBM 185 Extra"]
[Source "ChessBase"]
[SourceDate "2018.07.29"]
[SourceVersion "1"]
[SourceVersionDate "2018.07.29"]
[SourceQuality "1"]

1. e4 g6 2. d4 d6 3. Nf3 Bg7 4. c3 Nd7 5. Bc4 e6 6. 0-0 Ne7 7. Be3 d5 8. Bd3 dxe4 9. Bxe4 0-0 10. Qd2 Nf6 11. Bc2 b6 12. Bh6 Bb7 13. Bxg7 Kxg7 14. Ne5 Qd5 15. f3 c5 16. Bb3 Qd6 17. Na3 cxd4 18. Nac4 Qd8 19. cxd4 Nf5 20. Rfd1 Rc8 21. Ne3 Ne7 22. Qf2 Nfd5 23. N3g4 Nf5 24. Bc2 f6 25. Qe2 Rxc2 26. Qxc2 fxe5 27. Qe4 h5 28. Nxe5 Qg5 29. Nd7 Nfe3 30. Rd2 Rf7 31. Qe5+ Qxe5 32. Nxe5 Rc7 33. Re1 Kf6 34. Kf2 Nc4 35. Rde2 Nxe5 36. dxe5+ Kf5 37. h4 Nb4 38. g4+ hxg4 39. fxg4+ Kf4 40. Rd1 Nc6 41. Rd3 Kxg4 42. Rg3+ Kh5 43. Rg5+ Kh6 44. Rd2 Ne7 45. Rd8 Be4 46. Ke3 Bf5 47. Rh8+ Kg7 48. Ra8 Nd5+ 49. Kf3 a5 50. Rb8 Rc4 51. h5 Kh6 52. Rg1 Rf4+ 0-1

[Event "Budapest FS06 FM"]
[Site "Budapest"]
[Date "2016.06.08"]
[Round "5"]
[White "Kaibinger, Karoly"]
[Black "Karacsonyi, Gellert"]
[Result "0-1"]
[WhiteElo "1826"]
[BlackElo "2019"]
[PlyCount "58"]
[EventDate "2016.06.04"]
[EventType "tourn"]
[EventRounds "10"]
[EventCountry "HUN"]
[SourceTitle "CBM 172 Extra"]
[Source "ChessBase"]
[SourceDate "2016.06.21"]
[SourceVersion "1"]
[SourceVersionDate "2016.06.21"]
[SourceQuality "1"]

1. e4 c5 2. Nc3 Nc6 3. g3 g6 4. Bg2 Bg7 5. d3 d6 6. f4 e6 7. Nf3 Nge7 8. 0-0 0-0 9. Be3 b6 10. Rb1 Ba6 11. Ne2 Qc7 12. Re1 Na5 13. g4 Rad8 14. Ng3 f5 15. Ng5 Bc8 16. gxf5 exf5 17. exf5 gxf5 18. Bf2 h6 19. Rxe7 Qxe7 20. Bd5+ Kh8 21. Qh5 Bb7 22. Re1 Qc7 23. Nf7+ Rxf7 24. Qxf7 Qxf7 25. Bxf7 Rf8 26. Re7 Bf6 27. Rc7 Bd8 28. Rd7 Bc8 29. Rxd6 Be7 0-1

[Event "Budapest FS06 FM"]
[Site "Budapest"]
[Date "2016.06.05"]
[Round "2"]
[White "Zoldy, Robert"]
[Black "Kaibinger, Karoly"]
[Result "0-1"]
[WhiteElo "1948"]
[BlackElo "1826"]
[PlyCount "72"]
[EventDate "2016.06.04"]
[EventType "tourn"]
[EventRounds "10"]
[EventCountry "HUN"]
[SourceTitle "CBM 172 Extra"]
[Source "ChessBase"]
[SourceDate "2016.06.21"]
[SourceVersion "1"]
[SourceVersionDate "2016.06.21"]
[SourceQuality "1"]

1. e4 e5 2. Nc3 Nf6 3. g3 Be7 4. Bg2 d6 5. Nge2 Nc6 6. 0-0 h6 7. h3 g5 8. Nd5 Be6 9. c3 Qd7 10. Kh2 Nd8 11. d4 c6 12. Ne3 Qc7 13. c4 Bd7 14. b3 Ne6 15. Nf5 Rh7 16. Nxe7 Kxe7 17. Ba3 c5 18. dxe5 dxe5 19. Nc3 Nd4 20. Re1 Re8 21. Nd5+ Nxd5 22. exd5 Kd8 23. Bb2 f5 24. b4 b6 25. Bxd4 exd4 26. Rxe8+ Bxe8 27. bxc5 Qxc5 28. Qd3 Bd7 29. Rd1 Re7 30. Bf1 Ba4 31. Rd2 Re1 32. Kg2 Qb4 33. Qxd4 Qb1 34. Qf6+ Kc8 35. Bd3 Rg1+ 36. Kf3 Bd1+ 0-1

[Event "Budapest FS03 FM"]
[Site "Budapest"]
[Date "2016.03.06"]
[Round "2"]
[White "Pesola, Jyrki"]
[Black "Kaibinger, Karoly"]
[Result "1-0"]
[WhiteElo "1944"]
[BlackElo "1908"]
[PlyCount "67"]
[EventDate "2016.03.05"]
[EventType "tourn"]
[EventRounds "9"]
[EventCountry "HUN"]
[SourceTitle "CBM 171 Extra"]
[Source "ChessBase"]
[SourceDate "2016.04.26"]
[SourceVersion "1"]
[SourceVersionDate "2016.04.26"]
[SourceQuality "1"]

1. e4 e5 2. Nf3 Nc6 3. Bc4 Nf6 4. d3 Be7 5. 0-0 d6 6. c3 0-0 7. Re1 a6 8. a4 Bg4 9. h3 Bd7 10. Nbd2 Qc8 11. Nf1 Be6 12. Bb3 Bxb3 13. Qxb3 h6 14. Ng3 Rb8 15. Nf5 Qe6 16. Qc2 Nh7 17. b4 Bg5 18. d4 Qf6 19. b5 Ne7 20. dxe5 dxe5 21. Nxe7+ Qxe7 22. Ba3 Qf6 23. Bxf8 Nxf8 24. Nxg5 hxg5 25. Rad1 Ne6 26. Qe2 axb5 27. axb5 g6 28. Qe3 Kg7 29. g3 Rh8 30. Kg2 b6 31. Rh1 Qe7 32. Rd5 Qf6 33. Qf3 Qe7 34. Rxe5 1-0

[Event "Budapest FS02 FM"]
[Site "Budapest"]
[Date "2016.02.12"]
[Round "6"]
[White "Kaibinger, Karoly"]
[Black "Kovacsy, Barnabas"]
[Result "1/2-1/2"]
[WhiteElo "1946"]
[BlackElo "1936"]
[PlyCount "97"]
[EventDate "2016.02.06"]
[EventType "tourn"]
[EventRounds "9"]
[EventCountry "HUN"]
[SourceTitle "CBM 170 Extra"]
[Source "ChessBase"]
[SourceDate "2016.02.25"]
[SourceVersion "1"]
[SourceVersionDate "2016.02.25"]
[SourceQuality "1"]

1. c4 c5 2. Nc3 Nc6 3. Nf3 g6 4. d3 Bg7 5. e3 Nf6 6. Be2 0-0 7. 0-0 d5 8. d4 cxd4 9. exd4 Bg4 10. Ne5 Bxe2 11. Nxe2 dxc4 12. Nxc6 bxc6 13. Be3 Qd5 14. Qc2 Nd7 15. Nf4 Qb5 16. a4 Qb3 17. Rfc1 Qxc2 18. Rxc2 e5 19. Ne2 Rab8 20. Rxc4 Rxb2 21. Kf1 exd4 22. Bxd4 Bxd4 23. Nxd4 Ne5 24. Rc2 Rxc2 25. Nxc2 c5 26. Ke2 Rd8 27. Ra3 c4 28. Rc3 Rd3 29. Rxc4 Nxc4 30. Kxd3 Nb2+ 31. Kc3 Nxa4+ 32. Kb4 Nb2 33. Kb5 Nd3 34. f3 f5 35. Ka6 Kf7 36. Kxa7 Ke6 37. Kb6 Kd5 38. Kc7 Kc4 39. Kd6 Kc3 40. Ne3 Kd2 41. Nd5 Ke2 42. Ke6 Kf2 43. g4 fxg4 44. fxg4 Kg2 45. g5 Kxh2 46. Nf6 Nf4+ 47. Kf7 Nh3 48. Nxh7 Nxg5+ 49. Kxg6 1/2-1/2

[Event "Budapest FS12 FM-B"]
[Site "Budapest"]
[Date "2003.12.17"]
[Round "11"]
[White "Kaibinger, Karoly"]
[Black "Salamon, Ferenc"]
[Result "1-0"]
[WhiteElo "2023"]
[BlackElo "2037"]
[PlyCount "139"]
[EventDate "2003.12.06"]
[EventType "tourn"]
[EventRounds "13"]
[EventCountry "HUN"]
[SourceTitle "CBM 097 Extra"]
[Source "ChessBase"]
[SourceDate "2004.01.13"]
[SourceVersion "1"]
[SourceVersionDate "2004.01.13"]
[SourceQuality "1"]

1. e4 c6 2. Nc3 d5 3. d4 dxe4 4. Nxe4 Nd7 5. Nf3 Ngf6 6. Bd3 Nxe4 7. Bxe4 Nf6 8. Qe2 Bg4 9. h3 Bh5 10. g4 Nxe4 11. gxh5 Nf6 12. h6 g6 13. Bg5 e6 14. Qe5 Be7 15. 0-0-0 Rg8 16. Bf4 Qd5 17. Qxd5 Nxd5 18. Be5 f6 19. Bg3 Bd8 20. Rhe1 Kf7 21. Re4 Re8 22. Rde1 Rc8 23. h4 b5 24. c3 a5 25. Kd2 Bb6 26. Kd3 c5 27. dxc5 Bxc5 28. Nd4 Bxd4 29. Rxd4 Rc6 30. f3 Rd8 31. Ke4 Rdc8 32. Rc1 Rc4 33. Bf2 b4 34. Rxc4 Rxc4+ 35. Bd4 Ne7 36. b3 Rc6 37. c4 e5 38. Be3 Ke6 39. Rd1 f5+ 40. Kd3 Rd6+ 41. Ke2 Rxd1 42. Kxd1 f4 43. Bb6 Nc6 44. Ke2 Kf5 45. Kd3 g5 46. hxg5 Kxg5 47. Ke4 Kf6 48. Kd5 Ne7+ 49. Ke4 Nf5 50. c5 Nxh6 51. c6 Nf7 52. c7 Nd6+ 53. Kd3 h5 54. Bxa5 Kf5 55. Bxb4 Nc8 56. Ke2 Ke6 57. Bc3 Kd5 58. Kf2 e4 59. fxe4+ Kxe4 60. Bf6 Kf5 61. Bd8 Kg4 62. a4 h4 63. Bxh4 Kxh4 64. a5 Kg4 65. b4 f3 66. b5 Nd6 67. Kf1 Kg3 68. b6 f2 69. c8Q Nxc8 70. b7 1-0

[Event "Budapest FS12 FM-B"]
[Site "Budapest"]
[Date "2003.12.08"]
[Round "2"]
[White "Kaibinger, Karoly"]
[Black "Bodrogi, Laszlo"]
[Result "0-1"]
[WhiteElo "2023"]
[BlackElo "2069"]
[PlyCount "76"]
[EventDate "2003.12.06"]
[EventType "tourn"]
[EventRounds "13"]
[EventCountry "HUN"]
[SourceTitle "CBM 097 Extra"]
[Source "ChessBase"]
[SourceDate "2004.01.13"]
[SourceVersion "1"]
[SourceVersionDate "2004.01.13"]
[SourceQuality "1"]

1. d4 Nf6 2. c4 e6 3. Nf3 b6 4. Bg5 h6 5. Bh4 Bb4+ 6. Nfd2 g5 7. Bg3 Ne4 8. a3 Nxg3 9. hxg3 Bf8 10. Nc3 Bg7 11. e3 Bb7 12. Rc1 d6 13. b4 Nd7 14. Nde4 Qe7 15. Be2 0-0-0 16. Qa4 f5 17. Nd2 e5 18. d5 Kb8 19. Nb5 a6 20. Nc3 e4 21. Nb3 f4 22. gxf4 gxf4 23. c5 dxc5 24. Bxa6 Bxc3+ 25. Rxc3 Bxd5 26. bxc5 Bxb3 27. Qc6 Nxc5 28. Rxc5 Rd1+ 29. Ke2 f3+ 30. gxf3 exf3+ 31. Qxf3 c6 32. Rxc6 Ka7 33. Bd3 Rxd3 34. Qf4 Rd7 35. Rhc1 Rhd8 36. Qxh6 Qxa3 37. Rxb6 Qb2+ 38. Kf3 Rf7+ 0-1

[Event "HUN-chT2 Erkel 0203"]
[Site "Hungary"]
[Date "2002.11.24"]
[Round "3"]
[White "Kaibinger, Karoly"]
[Black "Trajber, Csaba"]
[Result "1/2-1/2"]
[WhiteElo "2032"]
[BlackElo "2006"]
[PlyCount "102"]
[EventDate "2002.09.22"]
[EventType "team"]
[EventRounds "11"]
[EventCountry "HUN"]
[SourceTitle "EXT 2009"]
[Source "ChessBase"]
[SourceDate "2008.11.26"]
[SourceVersion "1"]
[SourceVersionDate "2008.11.26"]
[SourceQuality "1"]

1. e4 c5 2. Nc3 Nc6 3. g3 g6 4. Bg2 Bg7 5. d3 e6 6. f4 Nge7 7. Nf3 a6 8. 0-0 0-0 9. Be3 d6 10. Rb1 Qc7 11. Ne2 b5 12. g4 Bb7 13. Ng3 f5 14. Ng5 Nd8 15. gxf5 exf5 16. h4 h6 17. Nf3 Ndc6 18. Bh3 Nd4 19. h5 fxe4 20. dxe4 Nxf3+ 21. Rxf3 d5 22. Be6+ Kh8 23. hxg6 dxe4 24. Rf2 Nxg6 25. Qg4 Qe7 26. Rh2 Rf6 27. Bf5 Qf7 28. Rd1 Ne7 29. Bxe4 Bxe4 30. Nxe4 Rg6 31. Ng5 Qf5 32. Qxf5 Nxf5 33. Kf2 Nxe3 34. Kxe3 Rg8 35. Ne4 Re8 36. Kf3 Rge6 37. Nxc5 Rc6 38. b4 a5 39. Rg2 Kh7 40. Rd7 Rg8 41. f5 Kh8 42. Ne6 Rc3+ 43. Ke4 Rc4+ 44. Kd3 Bc3 45. Rh2 Rg3+ 46. Ke2 Re4+ 47. Kf2 Be1+ 48. Kf1 Rf3+ 49. Kg2 Rf2+ 50. Kh1 Rf1+ 51. Kg2 Rf2+ 1/2-1/2

[Event "HUN-chT2 Erkel 0203"]
[Site "Hungary"]
[Date "2002.10.13"]
[Round "2"]
[White "Kaibinger, Karoly"]
[Black "Csaszar, Gyula"]
[Result "0-1"]
[WhiteElo "2032"]
[BlackElo "2113"]
[PlyCount "106"]
[EventDate "2002.09.22"]
[EventType "team"]
[EventRounds "11"]
[EventCountry "HUN"]
[SourceTitle "EXT 2009"]
[Source "ChessBase"]
[SourceDate "2008.11.26"]
[SourceVersion "1"]
[SourceVersionDate "2008.11.26"]
[SourceQuality "1"]

1. e4 c5 2. Nc3 e6 3. g3 a6 4. Bg2 Nc6 5. d3 b5 6. f4 Qb6 7. Be3 Bb7 8. Nh3 Nd4 9. 0-0 Rc8 10. Ne2 Nf6 11. c3 Ng4 12. Bd2 Nc6 13. f5 e5 14. Nef4 c4+ 15. d4 Nf6 16. Nd5 Nxd5 17. exd5 Ne7 18. Qe1 f6 19. d6 Nd5 20. Qe2 Bxd6 21. Qh5+ Kd8 22. Qf7 exd4 23. cxd4 Kc7 24. Rad1 Rcf8 25. Qxg7 Rhg8 26. Qh6 Qxd4+ 27. Kh1 Qc5 28. Ba5+ Kb8 29. Nf2 Bf4 30. Ne4 Qe3 31. Rxf4 Nxf4 32. Qxf4+ Qxf4 33. gxf4 Rxg2 34. Kxg2 Bxe4+ 35. Kf2 Bxf5 36. Rd6 Kb7 37. Bc3 Be6 38. Bd4 Ra8 39. Bxf6 a5 40. a3 b4 41. axb4 axb4 42. Bd4 Ra4 43. Bc5 c3 44. bxc3 Ra2+ 45. Ke3 b3 46. Rb6+ Kc7 47. Bd4 Rxh2 48. f5 Rh3+ 49. Ke4 Bg8 50. Rb4 h5 51. c4 Bh7 52. Kf4 Rh4+ 53. Ke5 d6+ 0-1

[Event "Gyongyos Matra op 25th"]
[Site "Gyongyos"]
[Date "2002.07.25"]
[Round "3.16"]
[White "Kaibinger, Karoly"]
[Black "Monus, Zoltan"]
[Result "0-1"]
[WhiteElo "2032"]
[BlackElo "2152"]
[PlyCount "50"]
[EventDate "2002.08.04"]
[EventType "swiss"]
[EventRounds "9"]
[EventCountry "HUN"]
[SourceTitle "EXT 2004"]
[Source "ChessBase"]
[SourceDate "2003.11.25"]
[SourceVersion "1"]
[SourceVersionDate "2003.11.25"]
[SourceQuality "1"]

1. e4 c6 2. d4 d5 3. exd5 cxd5 4. c4 Nf6 5. Nf3 Nc6 6. Bf4 Bg4 7. c5 g6 8. Be2 Bg7 9. Nbd2 0-0 10. a3 Ne4 11. Be3 b6 12. Qc2 Bf5 13. Nh4 Nxd4 14. Bxd4 Bxd4 15. Nxf5 gxf5 16. f3 Nxc5 17. Qxf5 Bxb2 18. Rb1 e6 19. Qg5+ Bg7 20. Rb4 f5 21. Qg3 Rf6 22. Rh4 Rg6 23. Qh3 Qg5 24. g4 Qe3 25. Kf1 Bh6 0-1

[Event "Balaton op 19th"]
[Site "Balatonlelle"]
[Date "2001.09.06"]
[Round "5.16"]
[White "Kaibinger, Karoly"]
[Black "Gara, Gyorgy"]
[Result "1/2-1/2"]
[WhiteElo "2057"]
[BlackElo "2168"]
[PlyCount "50"]
[EventDate "2001.09.02"]
[EventType "swiss"]
[EventRounds "9"]
[EventCountry "HUN"]
[SourceTitle "EXT 2012"]
[Source "ChessBase"]
[SourceDate "2011.11.24"]
[SourceVersion "1"]
[SourceVersionDate "2011.11.24"]
[SourceQuality "1"]

1. e4 e6 2. d4 d5 3. Nd2 Nf6 4. e5 Nfd7 5. Bd3 c5 6. c3 Nc6 7. Ne2 cxd4 8. cxd4 f6 9. exf6 Nxf6 10. Nf3 Bd6 11. Bg5 0-0 12. 0-0 Qc7 13. Bh4 Ng4 14. Bg3 e5 15. Nc3 Qd8 16. Nxd5 Be6 17. dxe5 Ncxe5 18. Nxe5 Bxe5 19. Bxe5 Nxe5 20. Be4 Qh4 21. f3 Rad8 22. Qb3 Rd7 23. Rad1 Kh8 24. Qc3 Nf7 25. Ne3 Nd6 1/2-1/2

[Event "Balaton op 19th"]
[Site "Balatonlelle"]
[Date "2001.09.04"]
[Round "3.14"]
[White "Kende, Gyorgy"]
[Black "Kaibinger, Karoly"]
[Result "1/2-1/2"]
[WhiteElo "2220"]
[BlackElo "2057"]
[PlyCount "132"]
[EventDate "2001.09.02"]
[EventType "swiss"]
[EventRounds "9"]
[EventCountry "HUN"]
[SourceTitle "EXT 2012"]
[Source "ChessBase"]
[SourceDate "2011.11.24"]
[SourceVersion "1"]
[SourceVersionDate "2011.11.24"]
[SourceQuality "1"]

1. g3 d5 2. Bg2 c6 3. d3 e5 4. Nd2 Nf6 5. e4 Bc5 6. Ngf3 dxe4 7. dxe4 Bg4 8. 0-0 Nbd7 9. h3 Bh5 10. Qe2 Qe7 11. a4 a5 12. Nc4 0-0 13. Bd2 Bb4 14. c3 Bc5 15. g4 Bg6 16. Nh4 Rfe8 17. Nf5 Bxf5 18. gxf5 b6 19. Kh2 Kh8 20. Rg1 h6 21. Bf3 Nh7 22. Bh5 Ndf6 23. Rg2 Nxh5 24. Qxh5 Qf6 25. Rag1 Rg8 26. Qg4 b5 27. axb5 cxb5 28. Ne3 Qg5 29. Qxg5 Nxg5 30. Rxg5 hxg5 31. Nd5 f6 32. Kg3 Rgd8 33. h4 gxh4+ 34. Kf3 h3 35. Rh1 Kg8 36. Rxh3 Kf7 37. Rh1 Rh8 38. Ra1 Rh2 39. Be3 Bxe3 40. Kxe3 Rh3+ 41. f3 Rh2 42. Nc7 Rc8 43. Nxb5 Rc5 44. Rxa5 Ke7 45. b4 Rc8 46. Ra7+ Kf8 47. Nc7 Rc2 48. Nd5 R8xc3+ 49. Nxc3 Rxc3+ 50. Ke2 Rb3 51. Rb7 Kg8 52. b5 Kh7 53. b6 Kh6 54. Kf2 Rb2+ 55. Ke3 Rb3+ 56. Ke2 g6 57. fxg6 Kxg6 58. Rb8 Kg5 59. b7 Kf4 60. Rf8 Rb2+ 61. Kd3 Rb3+ 62. Kc4 Rxb7 63. Rxf6+ Ke3 64. Rf5 Rd7 65. Rxe5 Kxf3 66. Rd5 Re7 1/2-1/2

[Event "Gyongyos Matra Cup"]
[Site "Gyongyos"]
[Date "2000.??.??"]
[Round "?"]
[White "Kaibinger, Karoly"]
[Black "Parkanyi, Attila"]
[Result "0-1"]
[WhiteElo "2005"]
[BlackElo "2310"]
[PlyCount "44"]
[EventDate "2000.07.??"]
[EventType "swiss"]
[EventRounds "9"]
[EventCountry "HUN"]
[SourceTitle "EXT 2004"]
[Source "ChessBase"]
[SourceDate "2003.11.25"]
[SourceVersion "1"]
[SourceVersionDate "2003.11.25"]
[SourceQuality "1"]

1. e4 c5 2. Nc3 e6 3. g3 d5 4. exd5 exd5 5. d4 Nf6 6. Bg2 cxd4 7. Qxd4 Nc6 8. Qa4 Bb4 9. a3 Bxc3+ 10. bxc3 0-0 11. Be3 Re8 12. Rd1 Bg4 13. Bf3 Ne5 14. Be2 Qc7 15. Qd4 Bxe2 16. Kxe2 Nc6 17. Qd3 Ne4 18. Bf4 Ne5 19. Bxe5 Qxe5 20. Kf1 Nxc3 21. Nf3 Qf6 22. Nh4 Nxd1 0-1

[Event "Gyongyos Matra Cup"]
[Site "Gyongyos"]
[Date "2000.??.??"]
[Round "?"]
[White "Nemeth, Jozsef"]
[Black "Kaibinger, Karoly"]
[Result "1-0"]
[WhiteElo "2095"]
[BlackElo "2005"]
[PlyCount "57"]
[EventDate "2000.07.??"]
[EventType "swiss"]
[EventRounds "9"]
[EventCountry "HUN"]
[SourceTitle "EXT 2004"]
[Source "ChessBase"]
[SourceDate "2003.11.25"]
[SourceVersion "1"]
[SourceVersionDate "2003.11.25"]
[SourceQuality "1"]

1. d4 d5 2. Bf4 Nf6 3. Nf3 e6 4. e3 c5 5. c3 Nc6 6. Bd3 Ne7 7. h3 Ng6 8. Bh2 Qb6 9. Qe2 c4 10. Bxg6 hxg6 11. 0-0 Ne4 12. Qc2 Rh6 13. Nbd2 Nxd2 14. Qxd2 f6 15. Rfe1 Bd6 16. e4 Bxh2+ 17. Nxh2 dxe4 18. Rxe4 Kf7 19. Rae1 Bd7 20. d5 e5 21. Rxc4 Qd6 22. f4 exf4 23. Qxf4 Qxd5 24. Rc7 Kg8 25. c4 Qd3 26. Rxb7 Bc6 27. Rb3 Qc2 28. Qg4 Rd8 29. Qe6+ 1-0